| 000 | 00772nam a2200253Ia 4500 | ||
|---|---|---|---|
| 003 | OSt | ||
| 005 | 20220928131027.0 | ||
| 006 | a|||||r|||| 00| 0 | ||
| 007 | ta | ||
| 008 | 220927b |||||||| |||| 00| 0 eng d | ||
| 020 | _cINR 549.00 | ||
| 024 | _a134756 | ||
| 037 |
_b055, 14/03/2017, Excel Book International _cTextual |
||
| 040 |
_aSDCL _cSDCL _beng |
||
| 041 |
_2eng _aeng |
||
| 082 | _aD6,8(B),4, Q6 | ||
| 100 |
_aStalling William _9467262 |
||
| 245 | 0 | _aFoundations of modern networking SDM, NFV, QOE, IOT and cloud | |
| 260 |
_aNoida _bPearson _c2016 |
||
| 300 |
_axxiii,538p. _ccm. |
||
| 650 | _aI I C | ||
| 942 |
_hD6,8(B),4, Q6 _cTEXL _2CC |
||
| 999 |
_c789290 _d789290 |
||